000 00298nam a22001337a 4500
008 170127b xxu||||| |||| 00| 0 eng d
020 _a9780803610576
041 _aeng
080 _22ND
_a61
100 _a3
101 _aSHM
245 _aTRANSCULTURAL HEALTH CARE
_cPURNELL, L.D
942 _2udc
_cBK
999 _c3907
_d3907